000 00323nam a2200133Ia 4500
008 231129s1987||||xx |||||||||||||| ||spa||
040 _bspa
082 _aCo863 M516t
100 _aMejia Vallejo Manuel
245 0 _aLa tierra eramos nosotros
260 _c1987
264 _aColombia : [s.n.] 1987.
942 _2ddc
_cBKS
999 _c18323
_d18323